La investigación como proceso : planificación y desarrollo /

Bibliographic Details
Main Authors: Ispizua, María Antonia (Author), Lavia Martínez, Cristina (Author)
Format: Electronic eBook
Language:Spanish
Published: Madrid : Dextra Editorial, [2016]
Series:Metodologías cuantitativas y cualitativas en ciencias sociales.
Subjects:
Online Access:Digitalia Hispánica

MARC

LEADER 00000nam a2200000Ii 4500
001 DIGDEXT0092
003 NyNyDIG
006 m o d
007 cr |||||||||||
008 240808s2016 sp ob 000 0 spa d
035 |a (OCoLC)1452248338 
040 |a DGITA  |b eng  |e rda  |e pn  |c DGITA 
020 |a 9788416277742  |q eBook 
020 |z 9788416277735 
050 1 4 |a H62 ebook 
100 1 |a Ispizua, María Antonia,  |e author. 
245 1 3 |a La investigación como proceso :  |b planificación y desarrollo /  |c Marian Ispizua y Cristina Lavía. 
264 1 |a Madrid :  |b Dextra Editorial,  |c [2016] 
300 |a 1 online resource :  |b illustrations. 
336 |a text  |b txt  |2 rdacontent 
337 |a computer  |b c  |2 rdamedia 
338 |a online resource  |b cr  |2 rdacarrier 
347 |a text file  |2 rdaft 
347 |b PDF 
490 1 |a Metodologías cuantitativas y cualitativas en ciencias sociales 
588 0 |a Online resource; title from PDF title page (Digitalia, viewed August 8, 2024) 
650 0 |a Social sciences  |x Methodology. 
700 1 |a Lavia Martínez, Cristina,  |e author. 
791 2 |a Digitalia (Firm),  |e distributor. 
793 0 |g Digitalia eBook Collection:  |a Dextra Editorial 
776 0 8 |i Print version:  |a Ispizua, María Antonia.  |t Investigación como proceso.  |d Madrid : Dextra Editorial, [2016]  |z 9788416277735 
830 0 |a Metodologías cuantitativas y cualitativas en ciencias sociales. 
856 4 0 |3 Digitalia Hispánica  |u https://www.digitaliapublishing.com/a/156267/ 
910 |a Premium collection: 2024